000 00418nam a2200193Ia 4500
001 11618
003 GE_BSU
008 181216s||||||||xx |||||||||||||| ||und||
040 _cGE_BSU
080 _a821.111-32
100 _aHill,Reginald.
245 4 _aThe stranger house.
260 _aGreat Britain.
260 _bBCA.
260 _c2005.
300 _a470p;21cm.
653 _aThe stranger house.
942 _cBK
999 _c44813
_d44813